| 000 | 00676nam a22001937a 4500 | ||
|---|---|---|---|
| 005 | 20100816101517.0 | ||
| 010 | _aENG-100377 | ||
| 020 |
_a9788190720380 _c50.00 |
||
| 035 | _aEN-83909 | ||
| 037 | _bDBAD/PUB | ||
| 082 | _a597.5 | ||
| 100 |
_aKrishnamurthy, R. _913692 |
||
| 245 |
_aMarine prawn culture technology / _cby R. Krishnamurthy |
||
| 260 |
_aChennai _bBala Books _c2008 |
||
| 270 |
_aNo: 15, Ko.su.mani Street, Choollaimedu _bChennai _e94 |
||
| 300 | 1 |
_a108p. _c20cm (pbk) |
|
| 942 |
_2ddc _cEN _h597.5 _mKRI |
||
| 999 |
_c42041 _d42041 |
||